000 00366nam a2200133Ia 4500
008 230917s9999||||xx |||||||||||||| ||und||
040 _e74618
_aMAIN
041 _aEnglish
082 _a338.13 N213C
245 0 _aCapital formation in agriculture
260 _aNew Delhi
_bNational Council of Applied Economic Research
_c1979
300 _avii, 104 p.
942 _cBK
999 _c219882
_d219882